Hodnotenie krajín stredoeurópskeho regiónu podľa vybraných ukazovateľov

Krajiny V4 a Rakúsko sú nielen úzko geograficky, ale aj ekonomicky späté. Navzájom medzi nimi ale funguje aj konkurencia. V rámci porovnávania sa vo všeobecnosti platí, že najväčšiu tendenciu porovnávať sa a tým aj motivovať k dosahovaniu lepší výsledkov majú subjekty, medzi ktorými sú určité podobn...

Ausführliche Beschreibung

Gespeichert in:
Bibliographische Detailangaben
1. Verfasser: Rozkošová, Anna
Weitere Verfasser: Megyesiová, Silvia, 1969-
Format: Buchkapitel
Sprache:Slowakisch
Schlagworte:
Tags: Tag hinzufügen
Keine Tags, Fügen Sie das erste Tag hinzu!

MARC

LEADER 00000nla a2200000 4500
001 0226759
005 20240502073733.6
041 0 |a slo 
044 |a SK 
245 1 0 |a Hodnotenie krajín stredoeurópskeho regiónu podľa vybraných ukazovateľov  |c Anna Rozkošová, Silvia Megyesiová 
520 |a Krajiny V4 a Rakúsko sú nielen úzko geograficky, ale aj ekonomicky späté. Navzájom medzi nimi ale funguje aj konkurencia. V rámci porovnávania sa vo všeobecnosti platí, že najväčšiu tendenciu porovnávať sa a tým aj motivovať k dosahovaniu lepší výsledkov majú subjekty, medzi ktorými sú určité podobnosti alebo majú podobnú minulosť či formu. Samozrejme vyvstáva otázka, aké ukazovatele sú vhodné na vyslovenie záveru, že ekonomika danej krajiny je lepšia. Výsledky analýzy sa opierali iba o vybrané ukazovatele a dané časové obdobie, teda sa viažu iba k týmto konkrétnym podmienkam, na základe ktorých bolo vykonané vyhodnotenie. 
610 2 0 |a stredná Európa 
610 2 0 |a Vyšehradská štvorka 
610 2 0 |a východná Európa 
610 2 0 |a Rakúsko 
610 2 0 |a porovnanie medzinárodné 
610 2 0 |a ukazovatele makroekonomické 
610 2 0 |a vývoj hospodársky 
100 1 |a Rozkošová, Anna 
700 1 |a Megyesiová, Silvia, 1969-